[Event "SVK-chT3A2 2122"]
[Site "Slovakia"]
[Date "2022.05.08"]
[Round "7.2"]
[White "Szitkey, Milan"]
[Black "Krakovsky, Peter"]
[Result "1/2-1/2"]
[WhiteElo "2024"]
[BlackElo "1604"]
[PlyCount "43"]
[EventDate "2021.10.10"]
[EventType "team-tourn"]
[EventRounds "11"]
[EventCountry "SVK"]
[SourceTitle "EXT 2024"]
[Source "ChessBase"]
[SourceDate "2023.10.10"]
[SourceVersion "1"]
[SourceVersionDate "2023.10.10"]
[SourceQuality "1"]
[WhiteTeam "Trnava Lokomotiva"]
[BlackTeam "Skalica"]
[WhiteTeamCountry "SVK"]
[BlackTeamCountry "SVK"]

1. e4 c6 2. d4 d5 3. Nd2 dxe4 4. Nxe4 Bf5 5. Ng3 Bg6 6. h4 h6 7. Nf3 Nf6 8. Bd3 Bxd3 9. Qxd3 e6 10. Bd2 Nbd7 11. 0-0-0 Be7 12. Ne4 Nxe4 13. Qxe4 Nf6 14. Qe2 Qd5 15. Kb1 0-0-0 16. Rhe1 Qf5 17. Bc3 Nd5 18. Ba5 Nc7 19. Bxc7 Kxc7 20. Rd3 Bf6 21. Ne5 Bxe5 22. Qxe5+ 1/2-1/2

[Event "SVK-chT3A2 2122"]
[Site "Slovakia"]
[Date "2021.11.21"]
[Round "4.2"]
[White "Krakovsky, Peter"]
[Black "Curidlo, Jan1111"]
[Result "1/2-1/2"]
[WhiteElo "1604"]
[BlackElo "1764"]
[PlyCount "78"]
[EventDate "2021.10.10"]
[EventType "team-tourn"]
[EventRounds "11"]
[EventCountry "SVK"]
[SourceTitle "EXT 2024"]
[Source "ChessBase"]
[SourceDate "2023.10.10"]
[SourceVersion "1"]
[SourceVersionDate "2023.10.10"]
[SourceQuality "1"]
[WhiteTeam "Skalica"]
[BlackTeam "Piestany Kupele II"]
[WhiteTeamCountry "SVK"]
[BlackTeamCountry "SVK"]

1. e4 c6 2. d4 d5 3. e5 Bf5 4. Nf3 e6 5. Bd3 Bxd3 6. Qxd3 Nd7 7. 0-0 h6 8. Be3 Ne7 9. Nbd2 Ng6 10. h3 Be7 11. Nh2 c5 12. c3 0-0 13. f4 Nh8 14. f5 Bg5 15. Nhf3 Bxe3+ 16. Qxe3 exf5 17. e6 Qe7 18. Rae1 Rae8 19. exf7+ Qxf7 20. Qf4 Rxe1 21. Rxe1 Ng6 22. Qc7 cxd4 23. cxd4 Nf6 24. Qa5 b6 25. Qa4 Kh7 26. Ne5 Nxe5 27. Rxe5 Ne4 28. Nf3 Rc8 29. Qd1 Rc6 30. Nh4 g6 31. Qb3 Rd6 32. Kh2 h5 33. Nf3 Qf6 34. Rxd5 Qe6 35. Rxd6 Qxd6+ 36. Kg1 Kg7 37. Qc4 Qf4 38. Qe6 Qc1+ 39. Kh2 Qf4+ 1/2-1/2

[Event "FICGS class A 000250 email"]
[Site "FICGS email"]
[Date "2021.09.22"]
[Round "1"]
[White "Laduke, Matt"]
[Black "Krakovsky, Peter"]
[Result "1-0"]
[WhiteElo "2081"]
[BlackElo "2056"]
[PlyCount "21"]
[EventDate "2021.??.??"]
[EventType "tourn (corr)"]
[EventRounds "6"]
[SourceTitle "Corr 2024"]
[Source "ChessBase"]
[SourceDate "2023.10.19"]
[SourceVersion "1"]
[SourceVersionDate "2023.10.19"]
[SourceQuality "1"]

1. e4 c5 2. Nf3 d6 3. Nc3 Nf6 4. d4 cxd4 5. Nxd4 a6 6. Be3 e5 7. Nb3 Be6 8. f3 Be7 9. Qd2 0-0 10. 0-0-0 Nbd7 11. g4 1-0

[Event "FICGS rapid A 000271 email"]
[Site "FICGS email"]
[Date "2021.06.22"]
[Round "1"]
[White "Krakovsky, Peter"]
[Black "Brand Lyard, Paul"]
[Result "1-0"]
[WhiteElo "1983"]
[BlackElo "1900"]
[PlyCount "37"]
[EventDate "2021.??.??"]
[EventType "tourn (rapid)"]
[EventRounds "6"]
[SourceTitle "Corr 2022"]
[Source "ChessBase"]
[SourceDate "2021.10.24"]
[SourceVersion "1"]
[SourceVersionDate "2021.10.24"]
[SourceQuality "1"]

1. e4 e5 2. Nf3 Nc6 3. Bb5 Qf6 4. Nc3 Nd4 5. Nxd4 exd4 6. Nd5 Qd6 7. d3 c6 8. Bf4 Qg6 9. Nc7+ Kd8 10. Nxa8 cxb5 11. 0-0 h5 12. Qd2 d5 13. Qa5+ b6 14. Qxa7 Qc6 15. Bc7+ Ke8 16. Nxb6 Bh3 17. exd5 Qg6 18. Qb8+ Ke7 19. Qd8# 1-0

[Event "FICGS rapid A 000271 email"]
[Site "FICGS email"]
[Date "2021.06.22"]
[Round "1"]
[White "Krakovsky, Peter"]
[Black "Laduke, Matt"]
[Result "0-1"]
[WhiteElo "1983"]
[BlackElo "1900"]
[PlyCount "116"]
[EventDate "2021.??.??"]
[EventType "tourn (rapid)"]
[EventRounds "6"]
[SourceTitle "Corr 2024"]
[Source "ChessBase"]
[SourceDate "2023.10.19"]
[SourceVersion "1"]
[SourceVersionDate "2023.10.19"]
[SourceQuality "1"]

1. e4 e5 2. Nf3 Nc6 3. Bb5 a6 4. Ba4 Nf6 5. 0-0 Be7 6. Re1 b5 7. Bb3 0-0 8. c3 d6 9. h3 Rb8 10. d4 Re8 11. Nbd2 h6 12. d5 Na5 13. Bc2 Nb7 14. b4 Bd7 15. Nf1 c6 16. Bb3 Qc7 17. Bd2 Ra8 18. Qe2 a5 19. a3 c5 20. Ng3 Ra7 21. Be3 axb4 22. cxb4 Rea8 23. Qb2 Ra6 24. Rec1 h5 25. Ra2 g6 26. Rca1 Be8 27. Bc2 Nd7 28. Bd3 Nb6 29. Ne2 Na4 30. Qd2 Qc8 31. Nh2 Bd7 32. f3 R8a7 33. g4 h4 34. g5 Nb6 35. Ng4 Bxg4 36. hxg4 Qa8 37. Qb2 cxb4 38. Qxb4 Nc4 39. Bxa7 Qxa7+ 40. Kg2 Bxg5 41. Bxc4 bxc4 42. Rb1 h3+ 43. Kxh3 Qe3 44. Qc3 Qf2 45. Qe1 Qxf3+ 46. Qg3 Qxg3+ 47. Kxg3 Nc5 48. Rb8+ Kg7 49. Kf3 Nb3 50. Kg2 Kf6 51. Rc8 Na5 52. Rc7 Rb6 53. Ra7 Nb3 54. a4 Bd2 55. Rc7 Ba5 56. Rxc4 Nc5 57. Rcc2 Nxe4 58. Rab2 Ra6 0-1

[Event "FICGS class C 000342 email"]
[Site "FICGS email"]
[Date "2021.06.06"]
[Round "1"]
[White "Brand Lyard, Paul"]
[Black "Krakovsky, Peter"]
[Result "0-1"]
[WhiteElo "1900"]
[BlackElo "1983"]
[PlyCount "36"]
[EventDate "2021.??.??"]
[EventType "tourn (corr)"]
[EventRounds "1"]
[SourceTitle "Corr 2022"]
[Source "ChessBase"]
[SourceDate "2021.10.24"]
[SourceVersion "1"]
[SourceVersionDate "2021.10.24"]
[SourceQuality "1"]

1. e4 c5 2. Bc4 e6 3. Nf3 Nc6 4. 0-0 d5 5. exd5 exd5 6. Bb5 Bd6 7. Bxc6+ bxc6 8. Re1+ Ne7 9. d3 0-0 10. Ng5 h6 11. Nf3 Bg4 12. Bxh6 gxh6 13. Qd2 Bxf3 14. Rxe7 Qxe7 15. gxf3 Qh4 16. Nc3 Qxh2+ 17. Kf1 Rfe8 18. Re1 Qh1# 0-1